| 000 | 00489nam a22001817a 4500 | ||
|---|---|---|---|
| 003 | OSt | ||
| 005 | 20250617134813.0 | ||
| 008 | 250617b |||||||| |||| 00| 0 eng d | ||
| 020 | _a9789357321945 | ||
| 040 | _cSBCL | ||
| 082 |
_a894.8123 _bABD-O |
||
| 100 | _aAbdulla,Anwar | ||
| 245 | _aOne by One | ||
| 260 |
_aManipal _bDC Books _c2024 |
||
| 300 | _a350p. | ||
| 650 |
_2Literature & rhetoric _aLiteratures of other languages _vAltaic, Uralic, Hyperborean & Dravidian |
||
| 942 | _cBOOK | ||
| 999 |
_c137054 _d137054 |
||